000 00613nam a22001817a 4500
003 UA-OsUOA
001 19321
007 ta
008 20040810b un ||||| |||| 00| 0 ukr d
100 _aШабаровський В.
942 _cSA
040 _aUA-OsUOA
_cUA-OsUOA
_dUA-OsUOA
245 _a"Відродження" у Рівному . Спроба легалізації
_b[З історії заснування т-ва "Відроження"у Рівному]
300 _aС.16
955 _a0
773 0 _w0
_tОго
_dРівне
_d2004
_g№64/5 серп./
650 7 _aІсторія
_2UDC
999 _c305492
_d305492